| 000 -LEADER |
| fixed length control field |
01433cam a2200349 a 4500 |
| 001 - CONTROL NUMBER |
| control field |
2439285 |
| 003 - CONTROL NUMBER IDENTIFIER |
| control field |
Nust |
| 005 - DATE AND TIME OF LATEST TRANSACTION |
| control field |
20170320124214.0 |
| 008 - FIXED-LENGTH DATA ELEMENTS--GENERAL INFORMATION |
| fixed length control field |
890517s1988 nyu 000 1 eng |
| 010 ## - LIBRARY OF CONGRESS CONTROL NUMBER |
| LC control number |
88045311 |
| 020 ## - INTERNATIONAL STANDARD BOOK NUMBER |
| International Standard Book Number |
9780708860724 |
| Terms of availability |
$18.95 |
| 040 ## - CATALOGING SOURCE |
| Original cataloging agency |
DLC |
| Transcribing agency |
DLC |
| Modifying agency |
DLC |
| 050 00 - LIBRARY OF CONGRESS CALL NUMBER |
| Classification number |
PS3568.I265 |
| Item number |
Q44 1988 |
| 082 00 - DEWEY DECIMAL CLASSIFICATION NUMBER |
| Classification number |
813.54 |
| Author Mark |
RIC |
| 100 1# - MAIN ENTRY--PERSONAL NAME |
| Personal name |
Rice, Anne, |
| Dates associated with a name |
1941- |
| 245 14 - TITLE STATEMENT |
| Title |
The queen of the damned / |
| Statement of responsibility, etc. |
Anne Rice. |
| 250 ## - EDITION STATEMENT |
| Edition statement |
1st ed. |
| 260 ## - PUBLICATION, DISTRIBUTION, ETC. |
| Place of publication, distribution, etc. |
New York : |
| Name of publisher, distributor, etc. |
Knopf : |
| -- |
Distributed by Random House, |
| Date of publication, distribution, etc. |
1988. |
| 300 ## - PHYSICAL DESCRIPTION |
| Extent |
573 p. ; |
| Dimensions |
24 cm. |
| 490 1# - SERIES STATEMENT |
| Series statement |
Vampire chronicles ; |
| Volume/sequential designation |
3rd bk. |
| 500 ## - GENERAL NOTE |
| General note |
Sequel to: The vampire Lestat. |
| 600 00 - SUBJECT ADDED ENTRY--PERSONAL NAME |
| Personal name |
Lestat |
| Titles and other words associated with a name |
(Vampire), |
| Dates associated with a name |
1760- |
| Form subdivision |
Fiction. |
| 650 #0 - SUBJECT ADDED ENTRY--TOPICAL TERM |
| Topical term or geographic name entry element |
Vampires |
| Form subdivision |
Fiction. |
| 655 #7 - INDEX TERM--GENRE/FORM |
| Genre/form data or focus term |
Horror tales. |
| Source of term |
gsafd |
| 800 1# - SERIES ADDED ENTRY--PERSONAL NAME |
| Personal name |
Rice, Anne, |
| Dates associated with a name |
1941- |
| Title of a work |
Vampire chronicles ; |
| Volume/sequential designation |
bk. 3. |
| 856 41 - ELECTRONIC LOCATION AND ACCESS |
| Materials specified |
Sample text |
| Uniform Resource Identifier |
<a href="http://www.loc.gov/catdir/samples/random042/88045311.html">http://www.loc.gov/catdir/samples/random042/88045311.html</a> |
| 856 42 - ELECTRONIC LOCATION AND ACCESS |
| Materials specified |
Publisher description |
| Uniform Resource Identifier |
<a href="http://www.loc.gov/catdir/description/random045/88045311.html">http://www.loc.gov/catdir/description/random045/88045311.html</a> |
| 856 42 - ELECTRONIC LOCATION AND ACCESS |
| Materials specified |
Contributor biographical information |
| Uniform Resource Identifier |
<a href="http://www.loc.gov/catdir/enhancements/fy1007/88045311-b.html">http://www.loc.gov/catdir/enhancements/fy1007/88045311-b.html</a> |
| 906 ## - LOCAL DATA ELEMENT F, LDF (RLIN) |
| a |
7 |
| b |
cbc |
| c |
orignew |
| d |
1 |
| e |
ocip |
| f |
19 |
| g |
y-gencatlg |
| 942 ## - ADDED ENTRY ELEMENTS (KOHA) |
| Source of classification or shelving scheme |
|
| Koha item type |
Book |